Регионална библиотека "Любен Каравелов" - Русе

Горски приказки (Запис номер 139952)

MARC детайли
000 -Лидер
Контролно поле с фиксирана дължина nam a22 a 4500
003 - Код на организацията, давaща контролен номер
Контролно поле BLK
005 - Дата и час на последна редакция
Контролно поле 20210617125215.0
008 - Елементи от данни с фиксирана дължина
fixed length control field 180409b bul|||||r ||||||| ||bul||
010 ## - Наследен системен номер
LC control number KNG00146007000
040 ## - Източник на каталожния запис
Идентификатор на билиотеката - собственик на записа BLK
041 ## - Код за език
Код за езика на текст/звукозапис или на отделно заглавие Български
Код за езика КДБФ Български
080 ## - УДК
Текстов определител УДК Българска литература
УДК код - определител по УДК 821.163.2
УДК определител -93-34
УДК - код + определител 821.163.2-93-34
139 ## - Редно поле
Редна дума Горски приказки
Авторски знак Горо - Г 69
245 10 - Сведения за заглавието
Заглавие Горски приказки
Редно поле (дума) ил. Никола Стоилов Мирчев; * Лъчезар Дончев Станчев; * Лила Борисова Захариева; * Емилия Захариева.
257 ## - Страна на издаване
Страна на създаване/издаване България
260 ## - Област на издателските данни
Име на издателя, разпространителя и проч. Бълг. художник
Година на издаване 1970
Място на издаване, разпространение и проч. София
300 ## - Физическа характеристика
Страници 48 с.
Илюстрации и др. с ил.
Размери/Мащаб 37 см
380 ## - Жанр
Жанр Детска худож. лит.
490 ## - СЕРИИ (Колекции)
Име на серия Поредица Любими детски илюстратори
9 (RLIN) 206659
500 ## - Общи забележки
Забележка Кор. опис. - 100 000 тир. - Съдържа : Горска приказка / Лъчезар Станчев. - Весела забава в горската дъбрава / Лила Захариева. - В горския ЦУМ / Емилия Захариева.
653 ## - Ключова дума – ненормативна
Ключова дума приказки
653 ## - Ключова дума – ненормативна
Ключова дума детска литература
653 ## - Ключова дума – ненормативна
Ключова дума литература за деца
700 1# - Други автори (авторска отговорност)
Лично име Мирчев, Никола Стоилов
Автороска отговорност (Описва отношението между автора и произведението) ил.
9 (RLIN) 378036
700 1# - Други автори (авторска отговорност)
Лично име Станчев, Лъчезар Дончев
Автороска отговорност (Описва отношението между автора и произведението) *
9 (RLIN) 365631
700 1# - Други автори (авторска отговорност)
Лично име Захариева, Лила Борисова
Автороска отговорност (Описва отношението между автора и произведението) *
9 (RLIN) 379343
700 1# - Други автори (авторска отговорност)
Лично име Захариева, Емилия
Автороска отговорност (Описва отношението между автора и произведението) *
9 (RLIN) 376527
852 ## - Местоположение
Форматна сигнатура Цб II 18204
856 4# - Електронен адрес и достъп
Електронен формат pdf - файл
856 4# - Електронен адрес и достъп
Електронен формат pdf - файл
999 ## - СИСТЕМНИ КОНТРОЛНИ НОМЕРА
Koha biblionumber 139952
Koha biblioitemnumber 139952
942 ## - АРТИКУЛИ
Вид на библиотечния материал Книги
Скрит в OPAC Не
Koha issues (borrowed), all copies 3
Периодичен библиозапис Да
944 ## - СЪЗДАВАНЕ И РЕДАКЦИЯ на ЗАПИСА
Създаване/Редакция Създаване
Дата на регистрацията/редакция 16.07.2013
Статус, дата на статуса ф / 16.07.2013
Служител, извършил регистрацията/редакцията Людмила_Стоянова
944 ## - СЪЗДАВАНЕ И РЕДАКЦИЯ на ЗАПИСА
Създаване/Редакция Редакция
Дата на регистрацията/редакция 21.02.2017
Статус, дата на статуса ф / 16.07.2013
Служител, извършил регистрацията/редакцията Людмила_Стоянова
999 ## - СИСТЕМНИ КОНТРОЛНИ НОМЕРА
Koha biblioitemnumber 139952
Наличности
Код за отписване Код за изгубен артикул Източник на класификационната схема Код за повреда Коз за рестрикции Код за отдаване Артикулен № Име на библиотеката - собственик Име на библиотеката, в която се намира в момента Статус (Текущо местоположение) Дата на вписване в системата Местоположение - отдел Цена в лева Инвентарен номер Систематично азбучна сигнатура Баркод Номер на екземпляра Цена в евро Служебна бележка Служебен тип на артикула
  Не е изгубен Universal Decimal Classification Не е повреден само за читалня ползва се в читалня 229318 Регионална библиотека "Любен Каравелов" Русе Регионална библиотека "Любен Каравелов" Русе Хранилище 1970-01-01 Хранилище 0.99 77562 Цб II 18204 120000077562 1 0.51 Дост: Dp Вид: Сф N: стар фонд Дата: 01.01.1970 Книги
  Не е изгубен Universal Decimal Classification Не е повреден без рестрикции заемане за дома 229319 Регионална библиотека "Любен Каравелов" Русе Регионална библиотека "Любен Каравелов" Русе Детски отдел 1970-01-01 Детски отдел 0.99 78407 ДХ 886.7/Г 69 120000078407 2 0.51 Дост: Pk Вид: Сф N: стар фонд Дата: 01.01.1970 Дата инв: 23.09.2015 Бележки инв: Д2015 Книги
Изтеглен Не е изгубен Universal Decimal Classification Не е повреден без рестрикции заемане за дома 229320 Регионална библиотека "Любен Каравелов" Русе Регионална библиотека "Любен Каравелов" Русе Детски отдел 1970-01-01 Детски отдел 0.99 78408 ДХ 886.7/Г 69 78408 3 0.51 Дост: Pk Вид: Сф N: стар фонд Дата: 01.01.1970 Дата инв: 17.08.2015 Бележки инв: Д2015 Книги
Изтеглен Не е изгубен Universal Decimal Classification Не е повреден без рестрикции заемане за дома 229321 Регионална библиотека "Любен Каравелов" Русе Регионална библиотека "Любен Каравелов" Русе Детски отдел 2014-01-07 Детски отдел 0.99 120000773298 ДХ 886.7/Г 69 120000773298 4 0.51 Дост: DA Вид: А N: 1 Дата: 07.01.2014 Дата инв: 17.08.2015 Бележки инв: Д2015 Книги
Изтеглен Не е изгубен   Не е повреден без рестрикции заемане за дома 229322 Регионална библиотека "Любен Каравелов" Русе Регионална библиотека "Любен Каравелов" Русе Детски отдел 2017-01-31 Детски отдел 0.99 120000808141 ДХ 886.7/Г 69 120000808141 5 0.51 Дост: DA Вид: А N: 7 Дата: 31.01.2017 Книги
Vip Innovations Ltd, Rousse, Bulgaria 2025